000 00451pab a2200157 454500
008 180718b2011 xxu||||| |||| 00| 0 eng d
100 _aJeffares, Stephen
245 _aDemocratic subjectivities in network governance: A Q methodology study of English and Dutch public managers.
260 _c2011
300 _ap.1253-1273.
650 _aManagers
700 _aSkelcher, Chris
773 _aPublic Administration
908 _aN
909 _a94924
999 _c94924
_d94924